000 01410nam a2200337 i 4500
001 16946
003 ES-MaACL
005 20250624062837.0
007 t|
008 001127s1954 sp a 00010 spa d
080 _a75 Saumells, LLuís Maria (064.3)
080 _a73 Saumells, Lluía Maria
100 1 _aSaumells, Lluís Maria.
_9103976
245 1 0 _aLuis María Saumells
_b: [exposición, Sala del Prado del Ateneo de Madrid, 24 de febrero-10 de marzo de 1954] /
_c[texto de] Vicente Marrero Suárez.
260 _aMadrid :
_bAteneo,
_c1954.
300 _a[32] p. :
_bprincipalmente il. n. ;
_c22 cm.
490 1 _aCuadernos de arte. Colección ordinaria ;
_v3
600 1 4 _aSaumells, Lluís María-
_vExposiciones.
_9103977
610 2 4 _aAteneo de Madrid-
_vExposiciones-
_y1950-1959
_91919
610 2 4 _aAteneo de Madrid-
_vObras digitalizadas.
_91930
655 7 _2tgfbne
_9193628
_aCatálogos de exposiciones
700 1 _aMarrero, Vicente.
_977070
710 2 _aAteneo de Madrid.
_bSala del Prado.
_91965
830 1 _aCuadernos de arte. Colección ordinaria
_v3
_9180064
852 _aES-MaACL
_j2159-F-3
_cDEPOF
_zRevisado enlace: 21 de Abril de 2025
852 _aES-MaACL
_jC-29565(8) ;
852 _aES-MaACL
_jG-13291(2) .
_cSPP3
856 _uhttp://www.ateneodemadrid.com/biblioteca_digital/folletos/CACo-003.pdf
_zVer documento
942 _2udc
999 _c16946
_d16946